000 00813nam a2200253Ia 4500
003 OSt
005 20220918170918.0
006 a|||||r|||| 00| 0
007 ta
008 220917b |||||||| |||| 00| 0 eng d
020 _a9780815384366 (hbk)
_cINR 1195.00
024 _a324,496
037 _b1480, 29/01/2018, Bright Book Service
_cTextual
040 _aARTS
_cARTS
_beng
041 _2eng
_aeng
082 _aQ4:33.4498, Q8
100 _aObeyesekere Gananath Au.
_932234
245 0 _aBuddha in Sri Lanka
_b histories and stories
260 _aLondon
_bRoutledge UK
_c2018
300 _axlviii,336p.
_ccm.
650 _aBUDDHISM - SRI LANKA
_932235
942 _hQ4:33.4498, Q8
_cTEXL
_2CC
999 _c136642
_d136642